LEADER 01287nam 2200397 450 001 990000727730203316 010 $a3-8019-1000-8 035 $a0072773 035 $aUSA010072773 035 $a(ALEPH)000072773USA01 035 $a0072773 100 $a20011109d1991----km-y0itay0103----ba 101 $ager 102 $aDE 105 $a||||||||001yy 200 1 $aInternationales Ehe-und Kindschaftsrecht$fbegründet von Oberlandesgerichtspräsident Alexander Bergmann$gfortgeführt von Murad Ferid$ggesamtredaktion Jürgen Rieck 210 $aFrankfurt am Main$cVerklag für Standesamtswesen$d1991 215 $a10 v$d25 cm 300 $aA fogli mobili, aggiornati periodicamente 410 $12001 606 0 $aMatrimonio$xDiritto comparato 606 0 $aFiliazione$xDiritto comparato 676 $a346.016 702 1$aBERGMANN,$bAlexander 702 1$aFERID,$bMurad 702 1$aRIECK,$bJürgen 801 0$aIT$bsalbc$gISBD 912 $a990000727730203316 951 $aIG VIII 3 719 I-X$b73444-73453 EC$cIG VIII 959 $aBK 969 $aECO 979 $aPATTY$b90$c20011109$lUSA01$h1617 979 $c20020403$lUSA01$h1721 979 $aPATRY$b90$c20040406$lUSA01$h1650 996 $aInternationales Ehe-und kindschaftsrecht$9622219 997 $aUNISA LEADER 01527nam0 22003131i 450 001 UON00190745 005 20231205103213.702 100 $a20030730d1967 |0itac50 ba 101 $aeng 102 $aGB 105 $a|||| 1|||| 200 1 $aAnnals of the parish, or, the chronicle of Dalmailing during the ministry of the rev. Micah Balwhidder, written by himself$fJohn Galt$gedited with an introduction by James Kinsley 210 $aLondon$aNew York ; Toronto $cOxford University Press$d1967 215 $aXXVI, 242 p.$d21 cm. 410 1$1001UON00299660$12001 $aOxford English Novels$1210 $aLondon$cOxford University Press 517 1$3UON00377037$aChronicle of Dalmailing during the ministery of the Rev. Micah Baldwhidder / John Galt 620 $aUS$dNew York$3UONL000050 620 $aCA$dToronto$3UONL000778 620 $aGB$dLondon$3UONL003044 676 $a823.7$cNarrativa inglese, 1800-1837$v21 700 1$aGALT$bJohn$3UONV112169$0195246 702 1$aKINSLEY$bJames$3UONV117990 712 $aOxford University Press$3UONV245947$4650 801 $aIT$bSOL$c20240220$gRICA 899 $aSIBA - SISTEMA BIBLIOTECARIO DI ATENEO$2UONSI 912 $aUON00190745 950 $aSIBA - SISTEMA BIBLIOTECARIO DI ATENEO$dSI Angl IV A GAL 6 $eSI SI 3099 5 6 996 $aAnnals of the parish, or, the chronicle of Dalmailing during the ministry of the rev. Micah Balwhidder, written by himself$91293270 997 $aUNIOR